Départements du Guatemala - Statistiques

Statistiques générales
  • Ce quiz a été pris 51 fois
  • Le résultat moyen est 13 sur 22
Réponses sur la Carte
Les réponses sont colorées sur une échelle allant du rouge au vert en fonction du pourcentage des utilisateurs qui les ont devinées à leur premier essai. Vous pouvez retrouver ces pourcentages ci-dessous.
 
Statistiques - réponses
Réponse % Correct
Alta Verapaz
78%
Baja Verapaz
78%
El Peten
78%
El Progreso
67%
Guatemala
67%
San Marcos
67%
Santa Rosa
67%
Escuintla
56%
Huehuetenango
56%
Izabal
56%
Jalapa
56%
Jutiapa
56%
Quetzaltenango
56%
Quiche
56%
Sacatepéquez
56%
Solola
56%
Suchitepéquez
56%
Zacapa
56%
Chimaltenango
44%
Chiquimula
44%
Retalhuleu
44%
Totonicapan
44%
Aucun quiz correspondant
Distribution des résultats
% des personnes avec chaque résultat
Percentile par nombre de réponses
Votre historique - résultats
Vous n’avez pas pris ce quiz